Rappers by picture 2 - Statistics

General Stats
  • This quiz has been taken 107 times
  • The average score is 7 of 16
Answer Stats
Picture Answer % Correct
Snoop Dogg
100%
Kendrick Lamar
93%
Rick Ross
69%
Jcole
67%
Akon
56%
Nas
54%
Soulja Boy
49%
Busta Rhymes
40%
Nipsey Hussle
38%
Kid Cudi
36%
TI
33%
2 Chainz
26%
Waka Flocka
26%
Lil Jon
23%
Birdman
21%
Kid Ink
12%
No matching quizzes found
Score Distribution
Percent of People with Each Score
Percentile by Number Answered
Your Score History
You have not taken this quiz